خلاصة المسائل Khulāṣat al-masāʼil / (Record no. 81229)
[ view plain ]
| 000 -LEADER | |
|---|---|
| fixed length control field | 01289ctm a2200253 i 4500 |
| 001 - CONTROL NUMBER | |
| control field | 81229 |
| 003 - CONTROL NUMBER IDENTIFIER | |
| rucl marc code | BD-RjUL |
| 005 - DATE AND TIME OF LATEST TRANSACTION | |
| control field | 20230214151507.0 |
| 008 - FIXED-LENGTH DATA ELEMENTS--GENERAL INFORMATION | |
| fixed length control field | 230219s1942 xx 000 0 urd |
| 035 ## - SYSTEM CONTROL NUMBER | |
| System control number | (BD-RjUL)81229 |
| 040 ## - CATALOGING SOURCE | |
| Original cataloging agency | DLC |
| Language of cataloging | eng |
| Description conventions | rda |
| Transcribing agency | DLC |
| Modifying agency | DLC |
| 041 ## - LANGUAGE CODE | |
| Language code of text/sound track or separate title | urd |
| 082 ## - DEWEY DECIMAL CLASSIFICATION NUMBER | |
| Edition number | 23 |
| Classification number | 297.14 |
| Author mark and year | SAK 19 |
| 100 1# - MAIN ENTRY--PERSONAL NAME | |
| Personal name | Said, Muhammad tr. |
| Dates associated with a name | -1808. |
| 9 (RLIN) | 6991 |
| 245 10 - TITLE STATEMENT | |
| Title | خلاصة المسائل Khulāṣat al-masāʼil / |
| Statement of responsibility, etc. | Muhammad Said محمد سعيد |
| 246 30 - VARYING FORM OF TITLE | |
| Title proper/short title | Khulāṣat al-masāʼil |
| 300 ## - PHYSICAL DESCRIPTION | |
| Pagination | 152 p. ; |
| Size | 23 cm. |
| 561 ## - OWNERSHIP AND CUSTODIAL HISTORY | |
| Institution to which field applies | DLC |
| 650 ## - SUBJECT ADDED ENTRY--TOPICAL TERM | |
| Topical term or geographic name as entry element | Islamic Law |
| 880 ## - ALTERNATE GRAPHIC REPRESENTATION | |
| Linkage | 500-00/(3/r |
| a | Incipit: البسملة. الحمد لله الذي رسم ببديع حكمته قواطع الادلة على صفحات الموجودات وشرح بهدايته لمعرفاتها صدور اهل عنايته وهداهم بها الى بيان القبلة والاوقات ... |
| Linkage | 500-00/(3/r |
| a | Explicit/Colophon: هذا اخر ما يسر الله تعالى ايراده من هدا الشرح والحمد لله رب العالمين وصلى الله على سيدنا محمد خاتم النبيين وامام المرسلين وعلى اله اجمعين. |
| 942 ## - ADDED ENTRY ELEMENTS (KOHA) | |
| Source of classification or shelving scheme | Dewey Decimal Classification |
| Koha item type | Books |
| Lost status | Source of classification or shelving scheme | Damaged status | Not for loan | Collection code | Permanent Location | Current Location | Shelving location | Date acquired | Total Checkouts | Full call number | Date last seen | Copy number | Koha item type |
|---|---|---|---|---|---|---|---|---|---|---|---|---|---|
| Dewey Decimal Classification | Not For Loan | Non-fiction | Central Library, University of Rajshahi | Central Library, University of Rajshahi | Reading Room | 14/02/2023 | U 297.14 SAK 193? | 14/02/2023 | C-1 | Books |